000 01426cam a22002535a 4500
001 L152693
008 110413s2011 xxk f 000 0 eng d
020 _a9781907624384
035 _a(Sirsi) u152693
041 0 _aeng
050 0 4 _a306.026
100 1 _aPrice, Gail
245 0 0 _aHousing law and practice, 2011
_h[electronic resource]
250 _anew ed.
260 _bCollege of Law
_c2011
300 _aeBook
505 2 _a1 Introduction to housing law and practice -- 2 Assured and assured shorthold tenancies -- 3 Rent act regulated tenancies -- 4 Housing and human rights -- 5 Public funding and costs in housing disputes -- 6 Public sector housing ? secure tenants -- 7 Disrepairs -- 8 The rights of long leaseholders -- 9 Protection from unlawful eviction and harassment -- 10 Possession claims -- 11 Homelessness I The law -- 12 Homelessness II Procedure -- 13 -- Summaries Housing law and practice -- Appendix Legislation -- Defective Premises Act 1972 -- Protection from Eviction Act 1977 -- Housing Act 1985 -- Landlord and Tenant Act 1985 -- Housing Act 1988 -- Environmental Protection Act 1990 -- Housing Act 1996
590 _aKA NTK
650 2 4 _aEBOOK
651 4 _aENGLAND AND WALES
690 _aPROPERTY-RESIDENTIAL PROPERTY-DOMESTIC RESIDENTIAL PROPERTY-HOUSING
856 4 0 _uhttps://www.vlebooks.com/
_zView on VLEbooks. Logins for members only from [email protected]
942 _n0
999 _c112168
_d112168